Ruồng bỏ = Disgrace

محفوظ في:
التفاصيل البيبلوغرافية
المؤلف الرئيسي: J. M. Coetzee
التنسيق: كتاب
اللغة:Undetermined
منشور في: H. Phụ Nữ 2004
الموضوعات:
الوسوم: إضافة وسم
لا توجد وسوم, كن أول من يضع وسما على هذه التسجيلة!
Thư viện lưu trữ: Trung tâm Học liệu Trường Đại học Cần Thơ
LEADER 00551nam a2200217Ia 4500
001 CTU_58870
008 210402s9999 xx 000 0 und d
020 |b 29000 
082 |a 896.33 
082 |b C673 
100 |a J. M. Coetzee 
245 0 |a Ruồng bỏ = 
245 0 |b Disgrace 
245 0 |c J. M. Coetzee; Thanh Vân biên dịch 
260 |a H. 
260 |b Phụ Nữ 
260 |c 2004 
650 |a south afican fiction 
650 |y 21st century 
904 |i Minh 
980 |a Trung tâm Học liệu Trường Đại học Cần Thơ